000 01238njm a22003017a 4500
005 20100913142111.0
006 a|||||r|||||00| 0
007 sd ammalaaahaa
008 100910t xxu||||| |||| 00| 0 eng d
028 _aTAE.1265
_bOdeon
035 _aGR-02230
040 _aSED
_cSED
100 _aMohammad Rafi
_919365
245 _aBaiju Bawra /
_cSung by Mohammad Rafi; lyrics by Chakeel Badayuni; music dtn by Naushad
_h[sound recording] :
246 _aबैजू बावरा /
260 _aDum Dum, India
_bOdeon
_c1966
300 _a1 sound disc [Gramophone Recording] :
_banalog, 45 rpm
_c7.5 in. (SP)
_fGramaphone Records
500 _aBrief record
500 _aRecord Lebels : Odeon, Black
505 _aSide-1 मन तडपत हरि दर्शन को (Man tadpat hari darshan ko) (Mohammad Rafi) Side-2 ओ दुनिया के रखवाले (O duniya ke rakhwale) (Mohammad Rafi)
600 _aMohammad Rafi
_919611
650 _2Excerpts.
_aClassical Music
_bIndia
_919366
650 _aReligious
_919768
700 _aBadayuni, Shakeel
_919722
700 _aNaushad
_919723
942 _2ddc
_cGR
999 _c45428
_d45428